000
00311nam a2200133Ia 4500
100
_a
Coulouris/George
942
_c
BK
654
_a
distributed system
245
_a
Distributed system : concepts and design
260
_b
Pearson Education
_c
2004
082
_a
5.758
_b
COU
300
_a
772
546
_a
ENGLISH
999
_c
26402
_d
26402